Fundamentals of information technology (Record no. 389)

MARC details
000 -LEADER
Fixed length control field 00472nam a2200169 4500
003 - CONTROL NUMBER IDENTIFIER
Control field SEACOMEC
005 - DATE AND TIME OF LATEST TRANSACTION
Control field 20240102150750.0
008 - FIXED-LENGTH DATA ELEMENTS--GENERAL INFORMATION
Fixed length control field 240102b |||||||| |||| 00| 0 eng d
020 ## - INTERNATIONAL STANDARD BOOK NUMBER / ISBN
Price Rs.165.00
040 ## - CATALOGING SOURCE
Original cataloging agency SEACOMEC
082 ## - DEWEY DECIMAL CLASSIFICATION NUMBER
Classification number 004.1
Book Number R162
100 ## - MAIN ENTRY--PERSONAL NAME
Personal name Rajan,E.G.
245 1# - TITLE STATEMENT
Title Fundamentals of information technology
Statement of responsibility E.G. Rajan
260 ## - IMPRINT
Place of publication Hyderabad
Name of publisher B S Publications
Date of publication 2003
650 ## - SUBJECT ADDED ENTRY--TOPICAL TERM
Topical term information,General works on specific types of computers
942 ## - ADDED ENTRY ELEMENTS (KOHA)
Koha item type Books
Holdings
Withdrawn status Lost status Source of classification Damaged status Not for loan Home library Current library Date acquired Total Checkouts Call number Accession number Date last seen Copy number Price effective from Koha item type
    Dewey Decimal Classification     SEACOM ENGINEERING COLLEGE SEACOM ENGINEERING COLLEGE 03/06/2006   004.1 R162 01162 02/01/2024 1 02/01/2024 Books
© Seacom Engineering College, All rights reserved.      Powered by Koha